[Event "Kuwait Rapid op 3rd"]
[Site "Kuwait City"]
[Date "2025.05.03"]
[Round "7"]
[White "Hamdouchi, Hicham"]
[Black "Sriram, Jha"]
[Result "1-0"]
[WhiteElo "2525"]
[BlackElo "2301"]
[PlyCount "61"]
[EventDate "2025.05.02"]
[EventType "swiss (rapid)"]
[EventRounds "9"]
[EventCountry "KUW"]
[SourceTitle "CB19_2025"]
[SourceDate "2025.05.07"]
[SourceVersion "1"]
[SourceVersionDate "2025.05.07"]
[SourceQuality "1"]

1. e4 e5 2. Nf3 Nc6 3. Bc4 Nf6 4. d3 h6 5. c3 d6 6. b4 g6 7. a4 Bg7 8. b5 Na5 9. Ba2 0-0 10. 0-0 a6 11. Re1 Re8 12. Nbd2 Be6 13. Bxe6 Rxe6 14. c4 b6 15. Bb2 Nb7 16. Nb3 Re8 17. Qc2 Nd7 18. d4 exd4 19. Nbxd4 Ndc5 20. Nc6 Qd7 21. Bxg7 Kxg7 22. Rad1 axb5 23. axb5 Kh7 24. Nb4 Qg4 25. h3 Qe6 26. Nd5 Rec8 27. e5 Qf5 28. Qc3 Nd7 29. Ne7 Qh5 30. Nxc8 Rxc8 31. g4 1-0

[Event "IND-ch Rapid"]
[Site "Mahilong"]
[Date "2025.03.21"]
[Round "8"]
[White "Aaditya, Dhingra"]
[Black "Sriram, Jha"]
[Result "1-0"]
[WhiteElo "2217"]
[BlackElo "2280"]
[PlyCount "73"]
[EventDate "2025.03.20"]
[EventType "tourn (rapid)"]
[EventRounds "11"]
[EventCountry "IND"]
[SourceTitle "CB13_2025"]
[SourceDate "2025.03.26"]
[SourceVersion "1"]
[SourceVersionDate "2025.03.26"]
[SourceQuality "1"]

1. e4 d6 2. d4 Nf6 3. Nc3 e5 4. Nf3 Nbd7 5. Rg1 c6 6. g4 h6 7. h4 g6 8. g5 hxg5 9. hxg5 Nh5 10. Be3 Bg7 11. Qd2 Qe7 12. 0-0-0 Nb6 13. dxe5 dxe5 14. Bc5 Qc7 15. Bd6 Qd7 16. Nxe5 Qe6 17. Bc5 Bd7 18. Nxd7 Qxd7 19. Qe3 Qe6 20. Bh3 Qc4 21. Bf1 Qe6 22. f4 Nc4 23. Qd3 Nxb2 24. Kxb2 Nxf4 25. Qf3 Be5 26. Rg4 b6 27. Bd4 Bxd4 28. Rxd4 Qe5 29. Rd1 Nh5 30. Qd3 0-0 31. Qd6 Qg7 32. Qd4 Qh7 33. Rh4 c5 34. Qd6 Qg7 35. Be2 b5 36. e5 Ng3 37. Nd5 1-0

[Event "IND-ch Rapid"]
[Site "Mahilong"]
[Date "2025.03.21"]
[Round "7"]
[White "Sriram, Jha"]
[Black "Senthil, Maran K"]
[Result "1/2-1/2"]
[WhiteElo "2280"]
[BlackElo "2152"]
[PlyCount "91"]
[EventDate "2025.03.20"]
[EventType "tourn (rapid)"]
[EventRounds "11"]
[EventCountry "IND"]
[SourceTitle "CB13_2025"]
[SourceDate "2025.03.26"]
[SourceVersion "1"]
[SourceVersionDate "2025.03.26"]
[SourceQuality "1"]

1. d4 Nf6 2. c4 b6 3. Nc3 Bb7 4. Qc2 Nc6 5. Nf3 Nb4 6. Qb3 Bxf3 7. exf3 e6 8. a3 Nc6 9. d5 Na5 10. Qc2 g6 11. Be2 Bg7 12. 0-0 0-0 13. b4 Nb7 14. Bb2 Nd6 15. Rad1 Nf5 16. Rfe1 e5 17. Bd3 Nd4 18. Qb1 Nh5 19. Ne2 Nxe2+ 20. Bxe2 d6 21. g3 Nf6 22. Bf1 a5 23. Bc3 axb4 24. axb4 Qd7 25. Qb2 Qf5 26. f4 Nd7 27. Bg2 Ra7 28. Ra1 Rfa8 29. Rxa7 Rxa7 30. Ra1 Rxa1+ 31. Qxa1 Qc2 32. h4 Bf8 33. Bh3 Nf6 34. Qb2 Qd1+ 35. Kg2 Ne4 36. fxe5 Bg7 37. exd6 Bxc3 38. Qxc3 cxd6 39. Qe3 Nd2 40. c5 bxc5 41. bxc5 dxc5 42. Qe8+ Kg7 43. Qe5+ Kg8 44. Qe8+ Kg7 45. Qe5+ Kg8 46. Qe3 1/2-1/2

[Event "IND-chT 44th"]
[Site "Ahmedabad"]
[Date "2025.03.08"]
[Round "6.1"]
[White "Sriram, Jha"]
[Black "Sanjay, S Pillai"]
[Result "1/2-1/2"]
[WhiteElo "2331"]
[BlackElo "1971"]
[PlyCount "61"]
[EventDate "2025.03.05"]
[EventType "team-swiss"]
[EventRounds "9"]
[EventCountry "IND"]
[SourceTitle "CB12_2025"]
[SourceDate "2025.03.19"]
[SourceVersion "1"]
[SourceVersionDate "2025.03.19"]
[SourceQuality "1"]
[WhiteTeam "Life Insurance Corporation"]
[BlackTeam "Kerala"]
[WhiteTeamCountry "IND"]
[BlackTeamCountry "IND"]

1. d4 Nf6 2. Nf3 c5 3. d5 e6 4. c4 exd5 5. cxd5 d6 6. Nc3 g6 7. Nd2 Bg7 8. e4 0-0 9. Be2 Na6 10. 0-0 Nc7 11. a4 Re8 12. f3 b6 13. Nc4 Ba6 14. Bg5 Qd7 15. Ra3 Rab8 16. Rb3 Nh5 17. g4 Bd4+ 18. Kh1 f6 19. Bh6 Ng7 20. Bf4 Bxc4 21. Bxc4 a6 22. Qe2 f5 23. Bxa6 Nxa6 24. Qxa6 fxg4 25. Qb5 Qe7 26. Ne2 gxf3 27. Nxd4 Qxe4 28. Bxd6 cxd4 29. Rbxf3 Rbd8 30. Bc7 Rxd5 31. Qd3 1/2-1/2

[Event "Hillerod Skov Memorial"]
[Site "Hillerod"]
[Date "2025.02.11"]
[Round "5"]
[White "Sriram, Jha"]
[Black "Karacsonyi, Gellert"]
[Result "0-1"]
[WhiteElo "2322"]
[BlackElo "2368"]
[PlyCount "96"]
[EventDate "2025.02.08"]
[EventType "tourn"]
[EventRounds "9"]
[EventCountry "DEN"]
[EventCategory "8"]
[SourceTitle "CB08_2025"]
[SourceDate "2025.02.19"]
[SourceVersion "1"]
[SourceVersionDate "2025.02.19"]
[SourceQuality "1"]

1. d4 Nf6 2. c4 e6 3. Nf3 d5 4. g3 Be7 5. Bg2 0-0 6. 0-0 a5 7. Nc3 c6 8. b3 b6 9. Bb2 Ba6 10. Nd2 b5 11. c5 b4 12. Na4 Nbd7 13. Re1 Bb5 14. Qc2 Qc7 15. Rad1 Rad8 16. f4 g6 17. Ba1 Bxa4 18. bxa4 Rfe8 19. Bb2 Bf8 20. e3 Bg7 21. Nb3 Ra8 22. Bf3 Kh8 23. g4 Ng8 24. g5 Ne7 25. Nc1 Nf5 26. Nd3 h6 27. gxh6 Bxh6 28. Ne5 Nxe5 29. dxe5 Rg8 30. Bg4 Qe7 31. Kh1 Kh7 32. Bxf5 gxf5 33. Rg1 Qh4 34. Bd4 Qh5 35. Qf2 Rg6 36. Rdf1 Rag8 37. Rxg6 fxg6 38. Qf3 Qxf3+ 39. Rxf3 g5 40. fxg5 Rxg5 41. Rg3 Rh5 42. Kg2 Rh4 43. Rh3 Re4 44. Kf3 f4 45. Rh4 Kg6 46. Rg4+ Kh5 47. h3 fxe3 48. Rxe4 dxe4+ 0-1

[Event "Hong Kong op"]
[Site "Hong Kong"]
[Date "2024.12.31"]
[Round "7"]
[White "Sriram, Jha"]
[Black "Laohawirapap, Prin"]
[Result "1/2-1/2"]
[WhiteElo "2318"]
[BlackElo "2387"]
[PlyCount "129"]
[EventDate "2024.12.27"]
[EventType "swiss"]
[EventRounds "9"]
[EventCountry "HKG"]
[SourceTitle "CB02_2025"]
[SourceDate "2025.01.08"]
[SourceVersion "1"]
[SourceVersionDate "2025.01.08"]
[SourceQuality "1"]

1. d4 Nf6 2. c4 g6 3. g3 Bg7 4. Bg2 0-0 5. Nf3 d6 6. 0-0 Nbd7 7. Qc2 e5 8. Rd1 Qe7 9. Nc3 Re8 10. e4 exd4 11. Nxd4 c6 12. h3 Nc5 13. Re1 a5 14. Bf4 Nfd7 15. Be3 Ne5 16. b3 a4 17. Rad1 axb3 18. axb3 Na6 19. Na2 Nd7 20. f4 Nc7 21. Bf2 Nf8 22. Nc3 Bd7 23. Nf3 Ra3 24. c5 dxc5 25. Nb1 Ra5 26. b4 Raa8 27. Bxc5 Qd8 28. Nbd2 Na6 29. Nc4 Nxc5 30. bxc5 Qc7 31. e5 Be6 32. Nd6 Reb8 33. Ra1 Bd5 34. Rxa8 Rxa8 35. Rb1 Ra2 36. Rb2 Rxb2 37. Qxb2 Nd7 38. Qxb7 Qxb7 39. Nxb7 Bf8 40. Nd4 Nxc5 41. Na5 Ne4 42. Naxc6 Bxc6 43. Nxc6 Nxg3 44. Bd5 Ne2+ 45. Kh2 Nxf4 46. Bc4 Bg7 47. Nd8 Bxe5 48. Nxf7 Bc7 49. Nd6+ Kf8 50. Ne4 Ke7 51. Bf1 h6 52. Kg1 Ke6 53. Kf2 Ke5 54. Kf3 Ne6 55. Nf2 Nd4+ 56. Kg2 Kf4 57. Nd3+ Ke3 58. Nf2 Nf5 59. Ng4+ Kf4 60. Bd3 Nh4+ 61. Kh1 h5 62. Nf6 Be5 63. Nd5+ Kg5 64. Ne7 Kf6 65. Nxg6 1/2-1/2

[Event "Hong Kong Blitz op"]
[Site "Hong Kong"]
[Date "2024.12.29"]
[Round "3"]
[White "Zuo, Junyu"]
[Black "Sriram, Jha"]
[Result "0-1"]
[WhiteElo "1859"]
[BlackElo "2203"]
[PlyCount "84"]
[EventDate "2024.12.29"]
[EventType "swiss (blitz)"]
[EventRounds "9"]
[EventCountry "HKG"]
[SourceTitle "CB01_2025"]
[SourceDate "2025.01.01"]
[SourceVersion "1"]
[SourceVersionDate "2025.01.01"]
[SourceQuality "1"]

1. e4 d6 2. d4 Nf6 3. Nc3 e5 4. Nf3 Nbd7 5. Bc4 Be7 6. 0-0 0-0 7. a4 c6 8. Re1 h6 9. h3 Re8 10. a5 Rb8 11. Be3 b5 12. axb6 axb6 13. Bb3 b5 14. Qd3 Bf8 15. Ne2 c5 16. dxc5 dxc5 17. c4 b4 18. Ng3 g6 19. Ba4 Qc7 20. b3 Bb7 21. Rad1 Red8 22. Bxd7 Rxd7 23. Qc2 Rbd8 24. Nd2 Rd3 25. Kf1 h5 26. Ke2 h4 27. Ngf1 Nxe4 28. Qxd3 Rxd3 29. Kxd3 Nc3 30. Ra1 Bxg2 31. Ra6 Bxh3 32. Bg5 Bf5+ 33. Ke3 Qd7 34. Kf3 h3 35. Re3 Qc8 36. Rf6 Be7 37. Rxe5 Bxf6 38. Bxf6 Be6 39. Ne4 Nxe4 40. Rxe4 Qc6 41. Ke3 Bf5 42. Re5 Qxf6 0-1

[Event "Copenhagen Obro CXU op"]
[Site "Copenhagen"]
[Date "2024.07.28"]
[Round "9"]
[White "Sriram, Jha"]
[Black "Nord, Alexander"]
[Result "1-0"]
[WhiteElo "2304"]
[BlackElo "2212"]
[PlyCount "57"]
[EventDate "2024.07.22"]
[EventType "swiss"]
[EventRounds "9"]
[EventCountry "DEN"]
[SourceTitle "CBM 221 Extra"]
[Source "ChessBase"]
[SourceDate "2024.09.30"]
[SourceVersion "1"]
[SourceVersionDate "2024.09.30"]
[SourceQuality "1"]

1. d4 d5 2. c4 c6 3. Nf3 Nf6 4. e3 e6 5. Bd3 Nbd7 6. Nbd2 Bd6 7. e4 dxe4 8. Nxe4 Nxe4 9. Bxe4 Nf6 10. Bc2 Bb4+ 11. Bd2 Bxd2+ 12. Qxd2 b6 13. Qg5 0-0 14. 0-0-0 c5 15. dxc5 Qc7 16. Qe5 Qxc5 17. Qxc5 bxc5 18. Ne5 Bb7 19. f3 Rfd8 20. Rxd8+ Rxd8 21. Rd1 Rd4 22. Rxd4 cxd4 23. Kd2 g5 24. Kd3 Ne8 25. Kxd4 f5 26. Ba4 Nf6 27. Kc5 g4 28. Kd6 Nh5 29. Kxe6 1-0

[Event "Copenhagen Obro CXU op"]
[Site "Copenhagen"]
[Date "2024.07.27"]
[Round "8"]
[White "Gomez Aguirre, Juan Alberto"]
[Black "Sriram, Jha"]
[Result "1/2-1/2"]
[WhiteElo "2322"]
[BlackElo "2304"]
[PlyCount "107"]
[EventDate "2024.07.22"]
[EventType "swiss"]
[EventRounds "9"]
[EventCountry "DEN"]
[SourceTitle "CBM 221 Extra"]
[Source "ChessBase"]
[SourceDate "2024.09.30"]
[SourceVersion "1"]
[SourceVersionDate "2024.09.30"]
[SourceQuality "1"]

1. d4 d5 2. c4 dxc4 3. e3 Nf6 4. Bxc4 e6 5. Nf3 a6 6. 0-0 c5 7. b3 cxd4 8. Nxd4 Be7 9. Bb2 0-0 10. Nd2 Bd7 11. Be2 Nc6 12. Bf3 Rc8 13. Rc1 Nxd4 14. Bxd4 b5 15. Rxc8 Qxc8 16. Qb1 Qb8 17. Qb2 Rc8 18. Ne4 Nxe4 19. Bxe4 f6 20. f4 Bc6 21. Qc2 Bxe4 22. Qxe4 Qd6 23. Rd1 Qc6 24. Qxc6 Rxc6 25. a4 bxa4 26. bxa4 Rc4 27. a5 Ra4 28. Bb6 Bb4 29. Rd7 Bxa5 30. Bd4 Bb4 31. g4 Bf8 32. Kg2 Ra2+ 33. Kg3 a5 34. Ra7 a4 35. h4 a3 36. g5 fxg5 37. hxg5 Rc2 38. Be5 g6 39. Bd4 a2 40. Kf3 h5 41. gxh6 Bxh6 42. Ke4 Rd2 43. Ke5 Bg7+ 44. Kxe6 Bxd4 45. exd4 Rxd4 46. Kf6 Rxf4+ 47. Kxg6 Rg4+ 48. Kf5 Rg2 49. Ke4 Kf8 50. Kd3 Ke8 51. Kc3 Kd8 52. Kb3 Kc8 53. Rxa2 Rxa2 54. Kxa2 1/2-1/2

[Event "Copenhagen Obro CXU op"]
[Site "Copenhagen"]
[Date "2024.07.23"]
[Round "2"]
[White "Srikant Koduri, Advaitt"]
[Black "Sriram, Jha"]
[Result "0-1"]
[WhiteElo "2114"]
[BlackElo "2304"]
[PlyCount "80"]
[EventDate "2024.07.22"]
[EventType "swiss"]
[EventRounds "9"]
[EventCountry "DEN"]
[SourceTitle "CBM 221 Extra"]
[Source "ChessBase"]
[SourceDate "2024.09.30"]
[SourceVersion "1"]
[SourceVersionDate "2024.09.30"]
[SourceQuality "1"]

1. d4 Nf6 2. Nf3 c5 3. c3 Qc7 4. Bg5 cxd4 5. cxd4 Ne4 6. Bh4 Nc6 7. e3 Qa5+ 8. Nbd2 g5 9. Bg3 g4 10. Ne5 Nxg3 11. Nxc6 Qh5 12. hxg3 Qxh1 13. Nxa7 Bg7 14. Qxg4 Qh6 15. Nb5 0-0 16. Bd3 d5 17. Qh4 Qxh4 18. gxh4 e6 19. Ke2 Bd7 20. Nc3 b5 21. Nb3 b4 22. Nb1 Rfc8 23. N1d2 e5 24. dxe5 Bxe5 25. Nd4 Bf6 26. g3 Re8 27. Kf1 Ra7 28. a3 Bh3+ 29. Kg1 Bxd4 30. exd4 bxa3 31. bxa3 Rea8 32. Re1 Rxa3 33. Re3 Ra1+ 34. Kh2 Bg4 35. Nb3 R1a2 36. Kg1 Rb2 37. Nc5 Ra1+ 38. Kg2 Raa2 39. Re5 Rxf2+ 40. Kg1 Bh3 0-1

[Event "Copenhagen Obro CXU op"]
[Site "Copenhagen"]
[Date "2024.07.22"]
[Round "1"]
[White "Sriram, Jha"]
[Black "Thuesen, Mogens Henrik"]
[Result "0-1"]
[WhiteElo "2304"]
[BlackElo "2095"]
[PlyCount "82"]
[EventDate "2024.07.22"]
[EventType "swiss"]
[EventRounds "9"]
[EventCountry "DEN"]
[SourceTitle "CBM 221 Extra"]
[Source "ChessBase"]
[SourceDate "2024.09.30"]
[SourceVersion "1"]
[SourceVersionDate "2024.09.30"]
[SourceQuality "1"]

1. d4 f5 2. Nc3 Nf6 3. Bg5 d5 4. Bxf6 exf6 5. e3 Be6 6. Bd3 Nc6 7. Qf3 Qd7 8. Nge2 Nb4 9. Nf4 Nxd3+ 10. Nxd3 c6 11. h3 Bd6 12. Ne2 h5 13. h4 0-0-0 14. 0-0-0 f4 15. exf4 Bg4 16. Qe3 Rde8 17. Ne5 fxe5 18. fxe5 Bxe2 19. Qxe2 Qf5 20. Rd3 Bc7 21. g3 g5 22. Rf3 Qg4 23. Qe3 Bd8 24. Kb1 gxh4 25. gxh4 Bxh4 26. Rf7 Re7 27. f3 Qg6 28. Rxe7 Bxe7 29. Rg1 Qf5 30. Rg7 Bf8 31. Rg2 h4 32. a4 h3 33. Rh2 Bh6 34. Qa3 Bf4 35. Rh1 h2 36. Qe7 Qf8 37. Qe6+ Kb8 38. Qd7 Rg8 39. e6 Rg7 40. e7 Rxe7 41. Qg4 Rg7 0-1

[Event "Warsaw Najdorf Memorial op-A"]
[Site "Warsaw"]
[Date "2024.07.15"]
[Round "7"]
[White "Mis, Mieszko"]
[Black "Sriram, Jha"]
[Result "1-0"]
[WhiteElo "2351"]
[BlackElo "2304"]
[PlyCount "123"]
[EventDate "2024.07.09"]
[EventType "swiss"]
[EventRounds "9"]
[EventCountry "POL"]
[SourceTitle "EXT 2025"]
[Source "ChessBase"]
[SourceDate "2024.10.14"]
[SourceVersion "1"]
[SourceVersionDate "2024.10.14"]
[SourceQuality "1"]

1. d4 d5 2. c4 c6 3. Nc3 Nf6 4. e3 a6 5. Nf3 b5 6. b3 Bg4 7. a4 bxc4 8. bxc4 Nbd7 9. a5 e6 10. c5 e5 11. h3 Bh5 12. Be2 e4 13. Nd2 Bxe2 14. Qxe2 g6 15. Nb3 Bg7 16. Na4 0-0 17. Nb6 Ra7 18. Rb1 Ne8 19. Bd2 f5 20. g3 Nc7 21. Na1 Nb5 22. Nc2 Nb8 23. h4 Raf7 24. Kf1 h6 25. Kg2 Bf6 26. Nb4 Qe8 27. N6xd5 cxd5 28. Nxa6 Nxa6 29. Rxb5 Nc7 30. Rb6 Qa4 31. Rc1 Kg7 32. Bb4 Be7 33. Rc2 Na8 34. Rb5 Nc7 35. Rb6 Na8 36. Rb5 Nc7 37. Rb7 Qc6 38. Rb6 Qa4 39. Ra2 Qd7 40. a6 Ra8 41. Ba5 Rf6 42. Rxf6 Kxf6 43. Bxc7 Qxc7 44. Qb5 Rb8 45. Qa4 Kf7 46. a7 Ra8 47. Qa6 f4 48. exf4 e3 49. h5 gxh5 50. f5 Bf6 51. Qe6+ Kg7 52. Ra6 Qe7 53. Qxe7+ Bxe7 54. fxe3 h4 55. c6 h3+ 56. Kxh3 Bd6 57. Kg2 Bc7 58. Kf3 Kf6 59. g4 h5 60. gxh5 Kxf5 61. h6 Kg6 62. Kg4 1-0

[Event "Warsaw Najdorf Memorial op-A"]
[Site "Warsaw"]
[Date "2024.07.13"]
[Round "5"]
[White "Sujkowski, Pawel"]
[Black "Sriram, Jha"]
[Result "0-1"]
[WhiteElo "1985"]
[BlackElo "2304"]
[PlyCount "126"]
[EventDate "2024.07.09"]
[EventType "swiss"]
[EventRounds "9"]
[EventCountry "POL"]
[SourceTitle "EXT 2025"]
[Source "ChessBase"]
[SourceDate "2024.10.14"]
[SourceVersion "1"]
[SourceVersionDate "2024.10.14"]
[SourceQuality "1"]

1. d4 d5 2. c4 c6 3. Nf3 Nf6 4. Nc3 a6 5. a4 e6 6. Bg5 a5 7. e3 Na6 8. Be2 Be7 9. 0-0 0-0 10. Ne5 Nb4 11. Na2 Nxa2 12. Rxa2 Ne4 13. Bxe7 Qxe7 14. f3 Nd6 15. c5 Nf5 16. Ra3 f6 17. Ng4 e5 18. Bd3 exd4 19. Bxf5 Bxf5 20. exd4 Bxg4 21. fxg4 Rae8 22. Rb3 Rf7 23. Qd2 Qe2 24. Qxe2 Rxe2 25. g5 f5 26. Rf2 Re1+ 27. Rf1 Re4 28. Rd1 Rfe7 29. Rd2 Rg4 30. Kf2 Rxg5 31. h3 Rg6 32. Rf3 Rf6 33. Re2 Re4 34. Rb3 Rf7 35. Rxe4 fxe4+ 36. Ke2 Re7 37. Rb6 Kf7 38. b4 axb4 39. a5 Rc7 40. Rxb4 Kf6 41. Rb1 Kg5 42. g3 Kf6 43. Ke3 Ke6 44. Kf4 Rf7+ 45. Kg4 Re7 46. Rb6 e3 47. Rb2 Kf6 48. Kf3 h5 49. Ke2 Kf5 50. Rb3 h4 51. gxh4 Kf4 52. h5 Kg3 53. Rb6 Kf4 54. Rb3 Kg5 55. Rb6 Kf5 56. Rb3 Kf4 57. Rd3 Re4 58. Rb3 Rxd4 59. Rxb7 Rd2+ 60. Ke1 Ra2 61. Rxg7 d4 62. Rd7 Ke4 63. h6 d3 0-1

[Event "Warsaw Maciei Memorial Blitz"]
[Site "Warsaw"]
[Date "2024.07.08"]
[Round "6"]
[White "Kazakouski, Valery"]
[Black "Sriram, Jha"]
[Result "1-0"]
[WhiteElo "2603"]
[BlackElo "2304"]
[PlyCount "87"]
[EventDate "2024.07.08"]
[EventType "swiss (blitz)"]
[EventRounds "11"]
[EventCountry "POL"]
[SourceTitle "CBM 221 Extra"]
[Source "ChessBase"]
[SourceDate "2024.09.30"]
[SourceVersion "1"]
[SourceVersionDate "2024.09.30"]
[SourceQuality "1"]

1. e4 e5 2. Nf3 Nc6 3. Bc4 Nf6 4. d3 h6 5. c3 d6 6. Nbd2 g6 7. a4 Bg7 8. a5 a6 9. 0-0 0-0 10. Re1 Re8 11. Qb3 Re7 12. Nf1 Rb8 13. Ne3 Be6 14. Nd5 Re8 15. h3 Bxd5 16. exd5 Ne7 17. Bd2 Nd7 18. d4 exd4 19. Nxd4 Ne5 20. Bf1 c5 21. dxc6 bxc6 22. Qa2 c5 23. Nc2 N7c6 24. Ne3 Qd7 25. Bxa6 Ra8 26. Bb5 Qb7 27. Bxc6 Nxc6 28. a6 Qb5 29. Nd5 Rxe1+ 30. Bxe1 Ra7 31. Bd2 c4 32. Ne3 d5 33. Nc2 Nb8 34. Nb4 d4 35. Qa5 Qxa5 36. Rxa5 Bf8 37. cxd4 Bxb4 38. Bxb4 Nc6 39. Bc5 Ra8 40. Ra4 f5 41. d5 Ne5 42. a7 Nd3 43. Bd4 Kf7 44. Rxc4 1-0

[Event "Warsaw Maciei Memorial Blitz"]
[Site "Warsaw"]
[Date "2024.07.08"]
[Round "8"]
[White "Lewandowski, Rafal"]
[Black "Sriram, Jha"]
[Result "1/2-1/2"]
[WhiteElo "2106"]
[BlackElo "2304"]
[PlyCount "67"]
[EventDate "2024.07.08"]
[EventType "swiss (blitz)"]
[EventRounds "11"]
[EventCountry "POL"]
[SourceTitle "CBM 221 Extra"]
[Source "ChessBase"]
[SourceDate "2024.09.30"]
[SourceVersion "1"]
[SourceVersionDate "2024.09.30"]
[SourceQuality "1"]

1. e4 d6 2. d4 Nf6 3. Nc3 e5 4. dxe5 dxe5 5. Qxd8+ Kxd8 6. Bg5 Be6 7. 0-0-0+ Nbd7 8. Bb5 c6 9. Ba4 Kc7 10. Bb3 Bxb3 11. axb3 h6 12. Bh4 Bc5 13. f3 Nh5 14. Nh3 g5 15. Bf2 Bxf2 16. Nxf2 Nf4 17. g3 Ne6 18. Ne2 Rad8 19. h4 Rdg8 20. hxg5 hxg5 21. Ng4 Rxh1 22. Rxh1 Rg7 23. Ne3 Ndf8 24. Nf5 Rh7 25. Rxh7 Nxh7 26. Kd2 Nf6 27. Ke3 Kd7 28. b4 Nc7 29. Nc1 b6 30. Nd3 Ke6 31. Ng7+ Kd6 32. Nf5+ Ke6 33. Ng7+ Kd6 34. Nf5+ 1/2-1/2

[Event "Warsaw Maciei Memorial Blitz"]
[Site "Warsaw"]
[Date "2024.07.08"]
[Round "1"]
[White "Stachniak, Stanislaw"]
[Black "Sriram, Jha"]
[Result "0-1"]
[WhiteElo "1570"]
[BlackElo "2304"]
[PlyCount "79"]
[EventDate "2024.07.08"]
[EventType "swiss (blitz)"]
[EventRounds "11"]
[EventCountry "POL"]
[SourceTitle "CBM 221 Extra"]
[Source "ChessBase"]
[SourceDate "2024.09.30"]
[SourceVersion "1"]
[SourceVersionDate "2024.09.30"]
[SourceQuality "1"]

1. Nf3 c5 2. c4 g6 3. Nc3 Bg7 4. g3 Nc6 5. Bg2 d6 6. 0-0 Bf5 7. d3 Qd7 8. Re1 Bh3 9. e3 Bxg2 10. Kxg2 Nf6 11. d4 0-0 12. dxc5 dxc5 13. Qxd7 Nxd7 14. Bd2 Rfd8 15. Rad1 Nde5 16. Nxe5 Nxe5 17. Nd5 e6 18. Nf4 Nxc4 19. Bc3 Nxb2 20. Bxb2 Bxb2 21. Nd3 Bc3 22. Rf1 b6 23. Kf3 Rd7 24. Nf4 Rad8 25. Ke2 Kg7 26. Rxd7 Rxd7 27. Rc1 Rd2+ 28. Kf3 Be5 29. a4 Bxf4 30. gxf4 Ra2 31. Rc4 Kf6 32. e4 Ke7 33. e5 Kd7 34. h4 h5 35. Kg3 Kc6 36. f3 Kd5 37. Rc1 Rxa4 38. Rd1+ Rd4 39. Ra1 a5 40. Rb1 0-1